000 00483nam a2200181Ia 4500
003 GCL
008 140319s9999 xx 000 0 eng d
020 _a0823006182
040 _aGCL /
_cGCL
082 0 4 _a745.4
_bC C
100 1 _aCERVER, FRANCISCO ASENSIO
245 1 0 _aCHARMING HOTELS /
_cCERVER, FRANCISCO ASENSIO
260 _aاسبانيا :
_bWATSON-GUPTILL CATIONS ،
_c1999
300 _a32 CM ؛
_c174 P
650 0 4 _aDECORATION
650 0 4 _aHOTELS
942 _2ddc
_cBK
999 _c6621
_d6621